[Event "Thüringenliga 2025/26"]
[Site "?"]
[Date "2026.01.06"]
[Round "3.4"]
[White "Müller-Ludwig, Kristin"]
[Black "Latka, Richard"]
[Result "0-1"]
[WhiteElo "1965"]
[BlackElo "1944"]
[WhiteFideId "-1"]
[BlackFideId "-1"]
[PlyCount "76"]
[GameId "2263398578447471"]
[EventDate "2025.09.14"]
[EventType "team-tourn"]
[EventRounds "9"]
[SourceTitle "Thueringer Schachbund"]
[Source "ThSB"]
[SourceDate "2025.09.14"]
[SourceVersion "1"]
[SourceVersionDate "2025.09.14"]
[SourceQuality "1"]
[WhiteTeam "SV Medizin Erfurt"]
[BlackTeam "fuß brothers Jena"]

{[%evp 0,76,44,45,47,41,48,29,15,15,43,40,40,35,29,14,5,12,21,-14,5,1,-7,-6,4,4,19,16,29,0,11,3,8,-7,-7,-7,41,33,9,15,31,33,-10,-7,-8,-9,-19,-45,-9,1,0,0,0,-74,-82,-82,-82,-82,-82,-82,-82,-82,-133,-80,-80,-172,-172,-172,-172,-172,-150,-166,-156,-200,-185,-177,-191,-29995,-29996]} 1. e4 c5 2. Nf3 Nc6 3. d4 cxd4 4. Nxd4 Nf6 5. Nc3 e5 6. Ndb5 d6 7. Bg5 a6 8. Na3 b5 9. Nd5 Be7 10. Bxf6 Bxf6 11. c4 b4 12. Nc2 a5 13. Qf3 Bg5 14. a3 bxa3 15. Qxa3 O-O 16. Bd3 Be6 17. O-O Bxd5 18. cxd5 Ne7 19. g3 f5 20. exf5 Nxf5 21. Bxf5 Rxf5 22. b4 a4 23. Qd3 Qf6 24. b5 Rf3 25. Qc4 Rf8 26. b6 Rxf2 27. b7 Qf3 28. Rxf2 Qxf2+ 29. Kh1 Qf3+ 30. Kg1 Be3+ 31. Nxe3 Qxe3+ 32. Kh1 Qf3+ 33. Kg1 Qf2+ 34. Kh1 Qb2 35. Rxa4 Qxb7 36. Ra6 Rf2 37. Kg1 Rd2 38. Rb6 Qxb6+ 0-1

[Event "Thüringenliga 2025/26"]
[Site "?"]
[Date "2025.11.23"]
[Round "3.5"]
[White "Kloß, Thomas"]
[Black "Reichel, Norbert"]
[Result "1-0"]
[WhiteElo "1924"]
[BlackElo "1906"]
[WhiteFideId "-1"]
[BlackFideId "-1"]
[PlyCount "55"]
[GameId "2250067132929720"]
[EventDate "2025.09.14"]
[EventType "team-tourn"]
[EventRounds "9"]
[SourceTitle "Thueringer Schachbund"]
[Source "ThSB"]
[SourceDate "2025.09.14"]
[SourceVersion "1"]
[SourceVersionDate "2025.09.14"]
[SourceQuality "1"]
[WhiteTeam "fuß brothers Jena"]
[BlackTeam "SV Medizin Erfurt"]

1. Nf3 Nf6 2. g3 g6 3. Bg2 Bg7 4. O-O O-O 5. d4 d6 6. c4 Nc6 7. Nc3 a6 8. d5 Na5 9. Nd2 c5 10. Qc2 Rb8 11. a4 Bd7 12. b3 b5 13. axb5 axb5 14. cxb5 Qc7 15. Nc4 Nb7 16. Bb2 Ng4 17. b6 Qc8 18. Ra7 Ne5 19. Rfa1 Bh3 20. Nb5 Bxg2 21. Kxg2 Nd7 22. Bxg7 Kxg7 23. R7a6 f5 24. Na7 Qe8 25. Nc6 Qf7 26. Qc3+ Kg8 27. Nxb8 Nxb8 28. Ra7 1-0

[Event "Thüringenliga 2025/26"]
[Site "?"]
[Date "2025.11.23"]
[Round "3.6"]
[White "Ulrich, Helena Irene"]
[Black "Richter, Sebastian"]
[Result "0-1"]
[WhiteElo "1898"]
[BlackElo "1845"]
[WhiteFideId "-1"]
[BlackFideId "-1"]
[PlyCount "86"]
[GameId "2250232717289153"]
[EventDate "2025.09.14"]
[EventType "team-tourn"]
[EventRounds "9"]
[SourceTitle "Thueringer Schachbund"]
[Source "ThSB"]
[SourceDate "2025.09.14"]
[SourceVersion "1"]
[SourceVersionDate "2025.09.14"]
[SourceQuality "1"]
[WhiteTeam "SV Medizin Erfurt"]
[BlackTeam "fuß brothers Jena"]

{[%evp 0,86,37,40,52,60,74,51,49,42,58,50,50,40,35,23,45,36,35,36,15,1,18,14,25,21,17,-24,5,12,10,-32,-15,-23,-65,-59,-26,-13,-23,-41,-36,-25,-22,-26,-27,-102,-123,-111,-11,0,39,-23,-27,32,7,-35,18,-107,-107,-115,-115,-97,0,-154,-136,-182,-58,-71,-71,-64,-51,-85,357,430,476,497,576,0,37,5,-1,-167,-158,-932,-1016,-1168,-1213,-29983,-29984]} 1. e4 c5 2. Nf3 d6 3. d4 cxd4 4. Nxd4 Nf6 5. Nc3 a6 6. Be3 e5 7. Nb3 Be6 8. Qd2 Nbd7 9. f3 Be7 10. O-O-O O-O 11. g4 b5 12. g5 Nh5 13. Ne2 Nb6 14. Ng3 Nf4 15. h4 Nc4 16. Bxc4 bxc4 17. Na1 Rc8 18. Bxf4 c3 19. bxc3 exf4 20. Nf5 Bxf5 21. exf5 Qa5 22. Qd5 Qa3+ 23. Kb1 a5 24. Rhe1 Bd8 25. Qxd6 Qxc3 26. Qxf4 Bc7 27. Qe3 Qb4+ 28. Qb3 Qxh4 29. Qe3 Rb8+ 30. Nb3 a4 31. Rh1 Qc4 32. Rd4 Qc6 33. Rdh4 h6 34. gxh6 axb3 35. axb3 g6 36. Qd4 f6 37. fxg6 Be5 38. Qe3 Ra8 39. h7+ Kh8 40. g7+ Kxg7 41. Qh6+ Kh8 42. Ra4 Qc3 43. Kc1 Rfd8 0-1

[Event "Thüringenliga 2025/26"]
[Site "?"]
[Date "2025.11.23"]
[Round "3.7"]
[White "Latka, Robert"]
[Black "Fischer, Kay"]
[Result "1/2-1/2"]
[WhiteElo "1850"]
[BlackElo "1865"]
[WhiteFideId "-1"]
[BlackFideId "-1"]
[PlyCount "56"]
[GameId "2250235143300810"]
[EventDate "2025.09.14"]
[EventType "team-tourn"]
[EventRounds "9"]
[SourceTitle "Thueringer Schachbund"]
[Source "ThSB"]
[SourceDate "2025.09.14"]
[SourceVersion "1"]
[SourceVersionDate "2025.09.14"]
[SourceQuality "1"]
[WhiteTeam "fuß brothers Jena"]
[BlackTeam "SV Medizin Erfurt"]

1. e4 c6 2. d4 d5 3. exd5 cxd5 4. Bd3 Nc6 5. c3 Nf6 6. Bf4 g6 7. Nf3 Bg7 8. Nbd2 Nh5 9. Bg5 h6 10. Be3 Qc7 11. O-O Nf4 12. Bc2 Bg4 13. Re1 O-O-O 14. b4 g5 15. a4 Kb8 16. a5 e6 17. Qb1 Ne7 18. b5 Qxc3 19. Bxf4+ gxf4 20. Rc1 Bxd4 21. Ra4 e5 22. Bd3 Qb2 23. Nxd4 Qxb1 24. Nxb1 exd4 25. Rxd4 Rc8 26. Re1 Be6 27. Rxf4 Rc5 28. Nd2 Nc8 1/2-1/2

[Event "Thüringenliga 2025/26"]
[Site "?"]
[Date "2025.11.23"]
[Round "3.8"]
[White "Fischer, Dennis"]
[Black "Götting, Danilo"]
[Result "1-0"]
[WhiteElo "1863"]
[BlackElo "1711"]
[WhiteFideId "-1"]
[BlackFideId "-1"]
[PlyCount "37"]
[GameId "2250240376325861"]
[EventDate "2025.09.14"]
[EventType "team-tourn"]
[EventRounds "9"]
[SourceTitle "Thueringer Schachbund"]
[Source "ThSB"]
[SourceDate "2025.09.14"]
[SourceVersion "1"]
[SourceVersionDate "2025.09.14"]
[SourceQuality "1"]
[WhiteTeam "SV Medizin Erfurt"]
[BlackTeam "fuß brothers Jena"]

1. d4 Nf6 2. c4 g6 3. Nf3 Bg7 4. g3 O-O 5. Bg2 d5 6. O-O e6 7. Nc3 Nbd7 8. c5 c6 9. b4 b6 10. b5 cxb5 11. c6 Nb8 12. Ba3 b4 13. Bxb4 Re8 14. Ne5 a6 15. Rc1 Nh5 16. c7 Qg5 17. cxb8=Q Rxb8 18. f4 Qh6 19. Ng4 1-0

[Event "Thüringenliga 2025/26"]
[Site "?"]
[Date "2025.11.23"]
[Round "3.1"]
[White "Aniol, Adrian"]
[Black "Zehnter, Sebastian"]
[Result "0-1"]
[WhiteElo "1923"]
[BlackElo "2284"]
[WhiteFideId "-1"]
[BlackFideId "-1"]
[PlyCount "68"]
[GameId "2250246514990524"]
[EventDate "2025.09.14"]
[EventType "team-tourn"]
[EventRounds "9"]
[SourceTitle "Thueringer Schachbund"]
[Source "ThSB"]
[SourceDate "2025.09.14"]
[SourceVersion "1"]
[SourceVersionDate "2025.09.14"]
[SourceQuality "1"]
[WhiteTeam "VfL 1990 Gera"]
[BlackTeam "Ilmenauer SV"]

{[%evp 0,68,25,39,18,21,27,-7,-5,-25,-32,-8,-26,-31,-24,-23,-29,-39,-30,-27,-32,-41,-33,-45,-62,-59,-65,-52,-31,-35,-39,-78,-96,-88,-92,-134,-140,-162,-103,-122,-122,-120,-118,-126,-139,-153,-105,-110,-118,-149,-142,-170,-159,-158,-158,-282,-245,-238,-246,-271,-279,-277,-270,-349,-350,-348,-351,-401,-441,-640,-657]} 1. e4 e5 2. Nc3 Nf6 3. f4 d5 4. fxe5 Nxe4 5. Qf3 Nc6 6. Bb5 Nxc3 7. bxc3 Qh4+ 8. g3 Qe4+ 9. Qxe4 dxe4 10. Bxc6+ bxc6 11. Rb1 h5 12. h4 Bc5 13. Nh3 Bxh3 14. Rxh3 O-O-O 15. Rh2 Rhe8 16. Re2 Rd5 17. Bb2 Rdxe5 18. Kf1 R5e6 19. Rbe1 f5 20. d3 Rg6 21. Rg2 Kd7 22. Bc1 Bd6 23. Bg5 Rge6 24. d4 Rb8 25. Ra1 Ree8 26. c4 c5 27. Rd2 cxd4 28. Rxd4 Kc6 29. Rd5 g6 30. Be3 Rb2 31. Bxa7 Rxc2 32. Bf2 Ra8 33. Be1 Ra3 34. Rxd6+ cxd6 0-1

[Event "Thüringenliga 2025/26"]
[Site "?"]
[Date "2025.11.23"]
[Round "3.2"]
[White "Ziganshin, Ainur"]
[Black "Aniol, Nico"]
[Result "1-0"]
[WhiteElo "2234"]
[BlackElo "2071"]
[WhiteFideId "-1"]
[BlackFideId "-1"]
[PlyCount "73"]
[GameId "2250246515006909"]
[EventDate "2025.09.14"]
[EventType "team-tourn"]
[EventRounds "9"]
[SourceTitle "Thueringer Schachbund"]
[Source "ThSB"]
[SourceDate "2025.09.14"]
[SourceVersion "1"]
[SourceVersionDate "2025.09.14"]
[SourceQuality "1"]
[WhiteTeam "Ilmenauer SV"]
[BlackTeam "VfL 1990 Gera"]

{[%evp 0,73,17,36,38,52,48,49,81,70,60,43,43,35,34,18,50,34,66,52,44,46,46,32,20,22,27,22,24,31,11,-10,1,34,37,42,61,64,120,129,123,134,115,62,103,109,105,107,186,174,174,166,167,165,189,179,199,204,233,239,234,247,260,271,345,353,355,352,358,373,438,443,444,379,425,436]} 1. e4 c5 2. Nf3 Nc6 3. Nc3 g6 4. d4 cxd4 5. Nxd4 Bg7 6. Nxc6 bxc6 7. Bc4 d6 8. O-O Nf6 9. e5 dxe5 10. Qxd8+ Kxd8 11. Re1 Bf5 12. Rxe5 Nd5 13. Re2 e6 14. Na4 h6 15. Bd2 Ke7 16. Ba5 Rab8 17. c3 Nb6 18. Bb4+ Kf6 19. Nxb6 axb6 20. Bd6 Rbg8 21. f3 h5 22. a4 g5 23. Bc7 Rb8 24. Bxb8 Rxb8 25. a5 bxa5 26. Rxa5 Rb6 27. Rd2 Bf8 28. b4 Bg6 29. Rd7 g4 30. f4 h4 31. Kf2 Bxb4 32. cxb4 Rxb4 33. Rc5 Rb2+ 34. Be2 g3+ 35. hxg3 hxg3+ 36. Ke1 Be4 37. Bh5 1-0

[Event "Thüringenliga 2025/26"]
[Site "?"]
[Date "2025.11.23"]
[Round "3.3"]
[White "Seidens, Gunter"]
[Black "Eichenauer, Pascal"]
[Result "0-1"]
[WhiteElo "1927"]
[BlackElo "2075"]
[WhiteFideId "-1"]
[BlackFideId "-1"]
[PlyCount "86"]
[GameId "2250246515011006"]
[EventDate "2025.09.14"]
[EventType "team-tourn"]
[EventRounds "9"]
[SourceTitle "Thueringer Schachbund"]
[Source "ThSB"]
[SourceDate "2025.09.14"]
[SourceVersion "1"]
[SourceVersionDate "2025.09.14"]
[SourceQuality "1"]
[WhiteTeam "VfL 1990 Gera"]
[BlackTeam "Ilmenauer SV"]

{[%evp 0,86,18,25,32,27,28,22,37,49,50,54,46,30,55,41,30,44,51,46,51,50,40,38,41,37,50,38,32,30,30,25,58,57,96,56,56,51,50,46,55,43,48,28,21,22,14,26,11,10,11,15,7,4,3,6,7,7,2,2,2,-12,0,-8,-21,-10,-9,-19,-41,-27,6,-27,-16,-30,-16,-16,-16,-92,-87,-148,-170,-153,-156,-158,-116,-305,-339,-509,-492]} 1. d4 d5 2. Nf3 Nf6 3. Bf4 c5 4. e3 cxd4 5. exd4 Nc6 6. c3 Bg4 7. Nbd2 e6 8. Qb3 Qc8 9. Bd3 Be7 10. h3 Bh5 11. O-O O-O 12. Rae1 Nd7 13. Ng5 Bg6 14. Bxg6 hxg6 15. Qd1 e5 16. dxe5 Ndxe5 17. Ndf3 Nxf3+ 18. Nxf3 Qf5 19. Bg3 Bf6 20. Qb3 b6 21. Re2 d4 22. cxd4 Nxd4 23. Nxd4 Bxd4 24. Rd1 Rfd8 25. Red2 Qf6 26. Qa4 Bxb2 27. Rxd8+ Rxd8 28. Rxd8+ Qxd8 29. Qxa7 Bd4 30. Qa4 Bc5 31. Kh2 Qd5 32. Qc2 Kh7 33. a4 Qd4 34. h4 Kh6 35. Qc1+ Kh7 36. Qc2 Qd5 37. Kg1 Qh5 38. Kf1 Qg4 39. Ke1 f5 40. h5 gxh5 41. Bc7 Kg6 42. f3 Qd4 43. Ke2 Qe3+ 0-1

[Event "Thüringenliga 2025/26"]
[Site "?"]
[Date "2025.11.23"]
[Round "3.4"]
[White "Nowak, Thomas"]
[Black "Huster, Mike"]
[Result "1/2-1/2"]
[WhiteElo "2005"]
[BlackElo "1906"]
[WhiteFideId "-1"]
[BlackFideId "-1"]
[PlyCount "59"]
[GameId "2250246515215807"]
[EventDate "2025.09.14"]
[EventType "team-tourn"]
[EventRounds "9"]
[SourceTitle "Thueringer Schachbund"]
[Source "ThSB"]
[SourceDate "2025.09.14"]
[SourceVersion "1"]
[SourceVersionDate "2025.09.14"]
[SourceQuality "1"]
[WhiteTeam "Ilmenauer SV"]
[BlackTeam "VfL 1990 Gera"]

{[%evp 0,59,19,32,33,12,31,37,65,36,30,27,53,26,28,40,42,20,10,-6,2,13,18,2,-4,-13,-5,-5,1,-11,23,-28,-20,-22,35,31,17,2,16,0,40,13,45,67,63,24,32,13,21,11,75,-20,81,82,106,38,74,65,116,31,69,70]} 1. d4 Nf6 2. Nc3 e6 3. e4 d5 4. Bg5 Be7 5. e5 Nfd7 6. Bxe7 Qxe7 7. f4 a6 8. Nf3 c5 9. dxc5 Nxc5 10. a3 Bd7 11. b4 Na4 12. Nxa4 Bxa4 13. Qd2 Nd7 14. Rc1 f6 15. c4 fxe5 16. fxe5 dxc4 17. Bxc4 Nb6 18. Ba2 Rd8 19. Qg5 Bc6 20. O-O Rf8 21. Qg4 Bd5 22. Bxd5 Nxd5 23. Rfe1 Nf4 24. Rc3 g5 25. h4 h5 26. Qxg5 Qf7 27. Qf6 Qg8 28. Qg5 Qf7 29. Qf6 Qg8 30. Qg5 1/2-1/2

[Event "Thüringenliga 2025/26"]
[Site "?"]
[Date "2025.11.23"]
[Round "3.5"]
[White "Schönfeld, Volker"]
[Black "Rauch, Arwid"]
[Result "1/2-1/2"]
[WhiteElo "1846"]
[BlackElo "1732"]
[WhiteFideId "-1"]
[BlackFideId "-1"]
[PlyCount "41"]
[GameId "2250246515461571"]
[EventDate "2025.09.14"]
[EventType "team-tourn"]
[EventRounds "9"]
[SourceTitle "Thueringer Schachbund"]
[Source "ThSB"]
[SourceDate "2025.09.14"]
[SourceVersion "1"]
[SourceVersionDate "2025.09.14"]
[SourceQuality "1"]
[WhiteTeam "VfL 1990 Gera"]
[BlackTeam "Ilmenauer SV"]

{[%evp 0,41,32,37,67,24,31,30,32,11,3,30,16,-27,-29,-3,13,7,4,9,1,4,-11,11,3,-61,-66,-66,-37,-21,-16,-79,-27,-48,-62,-45,-47,-51,-44,-37,-45,-42,-40,-43]} 1. e4 c6 2. c4 d5 3. exd5 cxd5 4. cxd5 Nf6 5. Qa4+ Nbd7 6. Nc3 g6 7. Bc4 Bg7 8. d3 O-O 9. Nf3 Nb6 10. Qb3 Bg4 11. Be3 Bxf3 12. Bxb6 axb6 13. gxf3 Nd7 14. O-O Ne5 15. Qd1 Rc8 16. Qe2 Qd7 17. Kg2 Qf5 18. Qe4 Qxe4 19. fxe4 Nxc4 20. dxc4 Rxc4 21. f3 1/2-1/2

[Event "Thüringenliga 2025/26"]
[Site "?"]
[Date "2025.11.23"]
[Round "3.6"]
[White "Jung, Timo"]
[Black "Drechsel, Uwe"]
[Result "1/2-1/2"]
[WhiteElo "1607"]
[BlackElo "1866"]
[WhiteFideId "-1"]
[BlackFideId "-1"]
[PlyCount "49"]
[GameId "2250246515285440"]
[EventDate "2025.09.14"]
[EventType "team-tourn"]
[EventRounds "9"]
[SourceTitle "Thueringer Schachbund"]
[Source "ThSB"]
[SourceDate "2025.09.14"]
[SourceVersion "1"]
[SourceVersionDate "2025.09.14"]
[SourceQuality "1"]
[WhiteTeam "Ilmenauer SV"]
[BlackTeam "VfL 1990 Gera"]

{[%evp 0,49,41,16,47,36,29,12,3,-1,-6,-6,9,-29,21,10,28,41,29,25,13,-27,-34,-28,34,10,55,-3,95,43,90,32,96,182,228,219,214,-2,7,36,16,24,-8,-12,-12,-39,0,-111,0,-16,-22,11]} 1. e4 e6 2. d4 d5 3. e5 c5 4. c3 Nc6 5. Nf3 Qb6 6. Be2 Bd7 7. O-O Rc8 8. dxc5 Bxc5 9. b4 Be7 10. Be3 Qc7 11. Bf4 Qd8 12. a3 f6 13. Re1 f5 14. Qd2 h6 15. Nd4 h5 16. Nxf5 exf5 17. Qxd5 Kf8 18. e6 Be8 19. Qxf5+ Bf6 20. Rd1 Qb6 21. Be3 Qc7 22. Bc5+ Nce7 23. Ra2 Nh6 24. Qh3 Qf4 25. Rad2 1/2-1/2

[Event "Thüringenliga 2025/26"]
[Site "?"]
[Date "2025.11.23"]
[Round "3.7"]
[White "Pekrul, Jürgen"]
[Black "Ortlepp, Steffen"]
[Result "1/2-1/2"]
[WhiteElo "1786"]
[BlackElo "1813"]
[WhiteFideId "-1"]
[BlackFideId "-1"]
[PlyCount "30"]
[GameId "2250246515404225"]
[EventDate "2025.09.14"]
[EventType "team-tourn"]
[EventRounds "9"]
[SourceTitle "Thueringer Schachbund"]
[Source "ThSB"]
[SourceDate "2025.09.14"]
[SourceVersion "1"]
[SourceVersionDate "2025.09.14"]
[SourceQuality "1"]
[WhiteTeam "VfL 1990 Gera"]
[BlackTeam "Ilmenauer SV"]

{[%evp 0,30,32,22,57,2,71,50,53,56,36,13,34,36,50,26,26,32,34,25,25,23,21,13,12,13,13,2,5,18,-14,2,32]} 1. Nf3 c5 2. g3 b6 3. Bg2 Bb7 4. O-O Nf6 5. c3 g6 6. d4 cxd4 7. cxd4 Bg7 8. Nc3 d5 9. Bf4 O-O 10. Rc1 Nc6 11. Ne5 Rc8 12. Qa4 a6 13. Nxc6 Rxc6 14. Be5 b5 15. Qb3 e6 1/2-1/2

[Event "Thüringenliga 2025/26"]
[Site "?"]
[Date "2025.11.23"]
[Round "3.8"]
[White "Schenk, Stefan"]
[Black "Loos, Tilda"]
[Result "1-0"]
[WhiteElo "1930"]
[BlackElo "1845"]
[WhiteFideId "-1"]
[BlackFideId "-1"]
[PlyCount "33"]
[GameId "2250246515408322"]
[EventDate "2025.09.14"]
[EventType "team-tourn"]
[EventRounds "9"]
[SourceTitle "Thueringer Schachbund"]
[Source "ThSB"]
[SourceDate "2025.09.14"]
[SourceVersion "1"]
[SourceVersionDate "2025.09.14"]
[SourceQuality "1"]
[WhiteTeam "Ilmenauer SV"]
[BlackTeam "VfL 1990 Gera"]

{[%evp 0,33,32,24,55,11,17,16,16,18,25,17,25,18,9,29,31,-1,-10,-36,-64,-66,-60,-4,20,11,47,36,143,165,281,258,804,675,29997,29998]} 1. e4 c5 2. c3 Nf6 3. e5 Nd5 4. d4 cxd4 5. Nf3 d6 6. cxd4 Nc6 7. Bc4 dxe5 8. Bxd5 Qxd5 9. Nc3 Qd6 10. d5 Nb4 11. a3 Na6 12. O-O g6 13. Ne4 Qc7 14. Bg5 Bg7 15. d6 Qc6 16. dxe7 Be6 17. Qd8+ 1-0

[Event "Thüringenliga 2025/26"]
[Site "?"]
[Date "2025.11.23"]
[Round "3.1"]
[White "Sondermann, Johannes"]
[Black "Machelett, Heiko"]
[Result "0-1"]
[WhiteElo "1997"]
[BlackElo "2290"]
[WhiteFideId "-1"]
[BlackFideId "-1"]
[PlyCount "156"]
[GameId "2250246595861957"]
[EventDate "2025.09.14"]
[EventType "team-tourn"]
[EventRounds "9"]
[SourceTitle "Thueringer Schachbund"]
[Source "ThSB"]
[SourceDate "2025.09.14"]
[SourceVersion "1"]
[SourceVersionDate "2025.09.14"]
[SourceQuality "1"]
[WhiteTeam "Meuselwitzer SV"]
[BlackTeam "TSG Apolda"]

{[%evp 0,136,29,11,95,70,78,77,72,45,57,34,35,43,37,32,25,10,27,24,28,23,45,60,101,121,105,102,95,39,34,23,23,19,18,4,0,-21,29,16,29,29,28,25,25,28,26,15,15,5,0,-4,0,0,9,15,72,82,65,25,21,11,19,19,16,26,37,34,51,48,52,61,48,58,52,53,48,56,55,48,56,21,52,19,17,0,8,23,33,31,23,21,25,34,41,6,16,8,28,3,4,0,8,0,47,-48,-44,-80,-86,-64,-59,-84,-97,-101,-90,-174,-74,-66,-80,-92,-85,-86,-94,-189,-124,-232,-242,-308,-297,-347,-114,-160,-169,-172,-124,-116,-138,-234,-211]} 1. e4 g6 2. d4 Bg7 3. Nc3 d6 4. f4 c6 5. Be3 d5 6. e5 h5 7. Nf3 Nh6 8. Ng5 Bg4 9. Qd2 f6 10. Nf3 Nf5 11. Bd3 Bxf3 12. Bxf5 gxf5 13. gxf3 e6 14. Qg2 Qe7 15. Rg1 Bh6 16. Qg6+ Qf7 17. Kf2 Nd7 18. Ne2 Nf8 19. Qxf6 Qxf6 20. exf6 Kf7 21. Nc1 Ng6 22. Nd3 Kxf6 23. Rg3 Rag8 24. Rag1 Rg7 25. Nc5 Rhg8 26. Nd3 Rh8 27. b3 Ne7 28. Rxg7 Bxg7 29. Ne5 Bh6 30. Rg3 Rh7 31. Nd7+ Kf7 32. Ne5+ Kf8 33. Bd2 Bg7 34. Bb4 Bxe5 35. fxe5 Kf7 36. Bxe7 Kxe7 37. Rg6 Kf7 38. Rf6+ Ke7 39. Rg6 Kf7 40. Rg5 Rh8 41. Kg3 h4+ 42. Kh3 Rh7 43. Rg2 Rh8 44. c3 Rh7 45. Rc2 Kg6 46. Rg2+ Kf7 47. c4 dxc4 48. bxc4 Rh8 49. Rb2 b6 50. a4 Kg6 51. Rg2+ Kh5 52. Rg7 Rd8 53. Rh7+ Kg5 54. Rxh4 f4 55. Rh7 Rxd4 56. Rxa7 Rxc4 57. Rf7 Rc5 58. Rb7 b5 59. a5 Rc3 60. Kg2 Ra3 61. Rf7 Rxa5 62. Rf6 b4 63. Rxe6 Rc5 64. Rd6 Rxe5 65. Rxc6 Rb5 66. Rc2 b3 67. Rb2 Kf5 68. Kf2 Ke5 69. Ke2 Kd4 70. Kd2 Kc4 71. Rb1 Rd5+ 72. Ke2 Kc3 73. Rc1+ Kb2 74. Rc4 Ka3 75. Rc3 Kb4 76. Rc1 b2 77. Rg1 Kc3 78. h4 Rd2+ 0-1

[Event "Thüringenliga 2025/26"]
[Site "?"]
[Date "2025.11.23"]
[Round "3.2"]
[White "Walther, Andi"]
[Black "Sniegowski, Richard"]
[Result "1/2-1/2"]
[WhiteElo "2139"]
[BlackElo "1873"]
[WhiteFideId "-1"]
[BlackFideId "-1"]
[PlyCount "70"]
[GameId "2250246596132294"]
[EventDate "2025.09.14"]
[EventType "team-tourn"]
[EventRounds "9"]
[SourceTitle "Thueringer Schachbund"]
[Source "ThSB"]
[SourceDate "2025.09.14"]
[SourceVersion "1"]
[SourceVersionDate "2025.09.14"]
[SourceQuality "1"]
[WhiteTeam "TSG Apolda"]
[BlackTeam "Meuselwitzer SV"]

{[%evp 0,70,25,25,21,-17,28,23,42,50,54,46,28,51,35,38,21,23,34,-8,-7,2,-25,-7,8,-32,-10,-7,-24,-24,-28,-48,-46,-46,-54,-44,-47,-28,19,4,6,8,39,25,34,36,32,18,8,-18,-28,-94,2,0,0,-19,-3,-22,0,0,0,0,0,0,0,-14,25,-17,-22,-63,-63,-79,7]} 1. d4 d5 2. c4 dxc4 3. Nf3 Nf6 4. e3 e6 5. Bxc4 a6 6. O-O c5 7. a4 Nc6 8. Nc3 Be7 9. Ne5 Bd7 10. Nxd7 Qxd7 11. d5 Nxd5 12. Bxd5 exd5 13. Nxd5 Rd8 14. e4 Nb4 15. Nc3 Qxd1 16. Rxd1 Rxd1+ 17. Nxd1 Bf6 18. Be3 Nc2 19. Rc1 Nxe3 20. Nxe3 O-O 21. b3 Bd4 22. Nf5 Rd8 23. Kf1 g6 24. Ne7+ Kg7 25. f3 Rd7 26. Nd5 b5 27. axb5 axb5 28. Nc3 Bxc3 29. Rxc3 b4 30. Rxc5 Rd3 31. Rb5 Rxb3 32. Kf2 Rb1 33. Kg3 b3 34. Rb6 b2 35. e5 Re1 1/2-1/2

[Event "Thüringenliga 2025/26"]
[Site "?"]
[Date "2025.11.23"]
[Round "3.3"]
[White "Bellmann, Daniel"]
[Black "Goemann, Jens"]
[Result "1/2-1/2"]
[WhiteElo "1866"]
[BlackElo "2025"]
[WhiteFideId "-1"]
[BlackFideId "-1"]
[PlyCount "38"]
[GameId "2250246596246983"]
[EventDate "2025.09.14"]
[EventType "team-tourn"]
[EventRounds "9"]
[SourceTitle "Thueringer Schachbund"]
[Source "ThSB"]
[SourceDate "2025.09.14"]
[SourceVersion "1"]
[SourceVersionDate "2025.09.14"]
[SourceQuality "1"]
[WhiteTeam "Meuselwitzer SV"]
[BlackTeam "TSG Apolda"]

{[%evp 0,38,29,28,54,33,25,6,57,25,23,48,42,32,36,39,39,25,25,12,26,14,33,23,31,28,84,77,82,68,63,41,52,49,51,14,19,15,15,0,20]} 1. e4 e6 2. d4 d5 3. Bd3 a6 4. Ne2 Nf6 5. e5 Nfd7 6. O-O c5 7. c3 Nc6 8. Nd2 Be7 9. Kh1 O-O 10. f4 f5 11. Nf3 b5 12. Be3 cxd4 13. Nexd4 Nxd4 14. Nxd4 Nc5 15. Nc6 Qc7 16. Nxe7+ Qxe7 17. Bxc5 Qxc5 18. Be2 Bd7 19. Qd4 Rfc8 1/2-1/2

[Event "Thüringenliga 2025/26"]
[Site "?"]
[Date "2025.11.23"]
[Round "3.4"]
[White "Kroh, Christian"]
[Black "Barth, Jürgen"]
[Result "1-0"]
[WhiteElo "1870"]
[BlackElo "1781"]
[WhiteFideId "-1"]
[BlackFideId "-1"]
[PlyCount "81"]
[GameId "2250246596378056"]
[EventDate "2025.09.14"]
[EventType "team-tourn"]
[EventRounds "9"]
[SourceTitle "Thueringer Schachbund"]
[Source "ThSB"]
[SourceDate "2025.09.14"]
[SourceVersion "1"]
[SourceVersionDate "2025.09.14"]
[SourceQuality "1"]
[WhiteTeam "TSG Apolda"]
[BlackTeam "Meuselwitzer SV"]

{[%evp 0,81,29,21,21,22,22,9,16,32,24,20,26,16,6,4,20,28,36,29,37,35,37,32,47,30,26,26,26,33,35,36,38,49,102,96,166,112,104,110,112,97,98,81,88,99,109,97,109,101,103,87,104,113,113,113,146,156,156,156,196,204,220,231,241,245,284,210,219,209,237,220,265,241,235,227,249,261,268,253,265,287,580,595]} 1. d4 d5 2. Nf3 Nf6 3. e3 Bg4 4. c4 e6 5. Nc3 c6 6. Qb3 Qc7 7. Ne5 Nbd7 8. Nxg4 Nxg4 9. h3 Ngf6 10. Bd2 Be7 11. Rc1 Qb6 12. Bd3 Qxb3 13. axb3 O-O 14. O-O Rac8 15. Rfd1 Bb4 16. Ra1 a6 17. Nxd5 Bxd2 18. Nxf6+ Nxf6 19. Rxd2 Rfd8 20. Rad1 g6 21. Be2 Kf8 22. Bf3 Rd7 23. Kf1 Ke7 24. g3 Rcd8 25. Ke2 e5 26. dxe5 Rxd2+ 27. Rxd2 Rxd2+ 28. Kxd2 Nd7 29. Bg4 Nc5 30. b4 Ne4+ 31. Ke2 f5 32. exf6+ Kxf6 33. Bf3 Ng5 34. h4 Nf7 35. b5 Ne5 36. bxc6 bxc6 37. b3 c5 38. Bb7 a5 39. f4 Nf7 40. e4 Nd6 41. e5+ 1-0